[Event "I Festival A"]
[Site "Lodi ITA"]
[Date "2005.06.10"]
[Round "1"]
[White "Foglia, Maurizio"]
[Black "Rombaldoni, Denis"]
[Result "0-1"]
[WhiteElo "2089"]
[BlackElo "2336"]
[PlyCount "66"]
[EventDate "2005.06.10"]

1. Nf3 Nf6 2. b3 d5 3. Bb2 Bf5 4. e3 e6 5. d3 Bd6 6. Nbd2 Nbd7 7. Qe2 e5 8. e4
dxe4 9. dxe4 Bg6 10. h3 Qe7 11. Nh4 Bb4 12. Nxg6 hxg6 13. O-O-O a5 14. a4 O-O
15. g4 c6 16. Qc4 b5 17. Qxc6 bxa4 18. Qxa4 Nc5 19. Qb5 Rfb8 20. Qc4 Bxd2+ 21.
Rxd2 Nxb3+ 22. cxb3 Rc8 23. f3 a4 24. bxa4 Nd7 25. Kb1 Rxc4 26. Bxc4 Nb6 27.
Bb3 Nxa4 28. Bxa4 Rxa4 29. h4 Qb4 30. Rhh2 Qb3 31. Rhf2 Ra5 32. Rc2 Qe3 33. Ba1
Qe1+ 0-1

[Event "I Festival A"]
[Site "Lodi ITA"]
[Date "2005.06.10"]
[Round "1"]
[White "Frigieri, Fabrizio"]
[Black "Molina, Fabrizio"]
[Result "0-1"]
[WhiteElo "2072"]
[BlackElo "2257"]
[PlyCount "90"]
[EventDate "2005.06.10"]

1. e4 d6 2. d4 Nf6 3. Nc3 Nbd7 4. Be3 e5 5. d5 Be7 6. Be2 O-O 7. Qd2 c6 8. g4
cxd5 9. exd5 Nb6 10. h3 Bd7 11. O-O-O Nbxd5 12. Nxd5 Nxd5 13. Qxd5 Bc6 14. Qd2
Bxh1 15. f3 e4 16. f4 d5 17. Kb1 Qc7 18. g5 Rfd8 19. f5 Bc5 20. f6 d4 21. Bf4
Bd6 22. Bxd6 Qxd6 23. fxg7 Rac8 24. Bg4 Rc6 25. Rf1 d3 26. c3 Qc5 27. Qf4 Qe7
28. Bh5 Kxg7 29. Qe3 d2 30. Kc2 Rcd6 31. Kd1 Rf8 32. Ne2 Rd3 33. Qf4 Bf3 34.
Bxf3 Rxf3 35. Rxf3 exf3 36. Qxf3 Qxg5 37. Nd4 Re8 38. Ne2 Re3 39. Qf1 Re6 40.
h4 Qe3 41. h5 Qd3 42. Qg1+ Kh6 43. Qf2 Qb1+ 44. Kxd2 Qxb2+ 45. Kd3 Qxe2+ 0-1

[Event "I Festival A"]
[Site "Lodi ITA"]
[Date "2005.06.10"]
[Round "1"]
[White "Galassi, Federico"]
[Black "Corsino, Gianluca"]
[Result "1-0"]
[WhiteElo "2210"]
[BlackElo "2053"]
[PlyCount "45"]
[EventDate "2005.06.10"]

1. e4 c5 2. Nc3 Nc6 3. g3 g6 4. Bg2 Bg7 5. d3 d6 6. Be3 e6 7. Qd2 Nge7 8. Bh6
O-O 9. h4 Kh8 10. Bxg7+ Kxg7 11. h5 Ng8 12. hxg6 fxg6 13. O-O-O Qa5 14. f4 b5
15. Kb1 b4 16. Nce2 Qb6 17. Nf3 a5 18. g4 a4 19. f5 b3 20. cxb3 axb3 21. a3 Qa5
22. Qg5 Qd8 23. Rxh7+ 1-0

[Event "I Festival A"]
[Site "Lodi ITA"]
[Date "2005.06.10"]
[Round "1"]
[White "Giretti Kanev, Jasen"]
[Black "Malano, Francesco"]
[Result "1-0"]
[WhiteElo "2166"]
[BlackElo "2026"]
[PlyCount "69"]
[EventDate "2005.06.10"]

1. d4 c5 2. c3 e6 3. e4 cxd4 4. cxd4 Nf6 5. Nc3 Bb4 6. Bd3 Nc6 7. a3 Bxc3+ 8.
bxc3 d6 9. f4 e5 10. d5 Nb8 11. fxe5 dxe5 12. Nf3 O-O 13. Qe2 Re8 14. O-O Bg4
15. Rb1 Qc7 16. Bg5 Nfd7 17. Bc4 Nb6 18. Ba2 Qc5+ 19. Be3 Qxc3 20. Qf2 N6d7 21.
Ng5 Nf6 22. Bc5 Qa5 23. d6 Bh5 24. Ra1 Qb5 25. Rab1 Qc6 26. Bb4 h6 27. Nf3 Qxe4
28. Rbe1 Qf4 29. Nxe5 Qxf2+ 30. Rxf2 Nbd7 31. Nd3 Bg6 32. Rxe8+ Rxe8 33. Nf4
Re1+ 34. Rf1 Rxf1+ 35. Kxf1 {...} 1-0

[Event "I Festival A"]
[Site "Lodi ITA"]
[Date "2005.06.10"]
[Round "1"]
[White "Jurkovic, Ante"]
[Black "Zanellato, Lorenzo"]
[Result "1-0"]
[WhiteElo "2336"]
[BlackElo "2087"]
[PlyCount "45"]
[EventDate "2005.06.10"]

1. e4 c6 2. d4 d5 3. e5 Bf5 4. Nf3 e6 5. Be2 Bg6 6. h4 h5 7. Nc3 Nd7 8. Bg5 Be7
9. Qd2 Nh6 10. O-O-O Nf5 11. Bd3 Nb6 12. Ne2 Qd7 13. Nf4 O-O-O 14. Kb1 Kb8 15.
Bxe7 Qxe7 16. g3 Rc8 17. Ng5 c5 18. dxc5 Qxc5 19. Nxg6 fxg6 20. Nxe6 Qc6 21.
Nf4 Nc4 22. Bxc4 dxc4 23. Rhe1 1-0

[Event "I Festival A"]
[Site "Lodi ITA"]
[Date "2005.06.10"]
[Round "1"]
[White "Korneev, Oleg"]
[Black "Ceccarini, Marco"]
[Result "1-0"]
[WhiteElo "2611"]
[BlackElo "2124"]
[PlyCount "66"]
[EventDate "2005.06.10"]

1. e4 e6 2. d4 d5 3. Nd2 Nf6 4. e5 Nfd7 5. Bd3 c5 6. c3 b6 7. Nh3 Ba6 8. Bxa6
Nxa6 9. O-O h5 10. Nf3 Be7 11. Bg5 Nc7 12. Re1 b5 13. a4 a6 14. Qd2 c4 15. Qf4
Nb6 16. axb5 axb5 17. Rxa8 Ncxa8 18. Qg3 g6 19. Qf4 Na4 20. Re2 Bxg5 21. Nfxg5
Qe7 22. Qd2 N4b6 23. Re3 Nd7 24. Rf3 f5 25. exf6 Nxf6 26. Nf4 Ne4 27. Nxe4 dxe4
28. Re3 Qf6 29. Rxe4 Nc7 30. Nxe6 Nxe6 31. d5 O-O 32. dxe6 Rd8 33. Qe2 Qe7 1-0

[Event "I Festival A"]
[Site "Lodi ITA"]
[Date "2005.06.10"]
[Round "1"]
[White "Lazic, Miroljub"]
[Black "Dvirnyy, Danyyil"]
[Result "1-0"]
[WhiteElo "2500"]
[BlackElo "2120"]
[PlyCount "37"]
[EventDate "2005.06.10"]

1. g3 h5 2. Nf3 b6 3. e4 Bb7 4. d3 e6 5. Bg2 Be7 6. h3 d6 7. O-O Nd7 8. Nc3
Ngf6 9. Qe2 Nh7 10. d4 g5 11. Nh2 Nhf8 12. f4 h4 13. Ng4 hxg3 14. f5 e5 15.
dxe5 dxe5 16. Be3 Nh7 17. Rad1 f6 18. Nh6 Rf8 19. Qc4 1-0

[Event "I Festival A"]
[Site "Lodi ITA"]
[Date "2005.06.10"]
[Round "1"]
[White "Maksimenko, Andrei"]
[Black "Birens, Eric-Andre'"]
[Result "1-0"]
[WhiteElo "2510"]
[BlackElo "2122"]
[PlyCount "52"]
[EventDate "2005.06.10"]

1. d4 Nf6 2. c4 c5 3. d5 g6 4. Nc3 Bg7 5. e4 d6 6. f4 O-O 7. Nf3 e6 8. Be2 exd5
9. cxd5 Bg4 10. O-O a6 11. e5 Nfd7 12. e6 fxe6 13. Ng5 Bd4+ 14. Kh1 Bxe2 15.
Nxe2 exd5 16. Nxd4 cxd4 17. Ne6 Qf6 18. Nxf8 Nxf8 19. f5 Nc6 20. fxg6 Qxg6 21.
Qb3 Re8 22. Qxd5+ Kh8 23. Bf4 Ne6 24. Bxd6 d3 25. Be5+ Ng7 26. Bc3 h6 1-0

[Event "I Festival A"]
[Site "Lodi ITA"]
[Date "2005.06.10"]
[Round "1"]
[White "Martin, Joel"]
[Black "Borin, Fabio"]
[Result "1-0"]
[WhiteElo "2047"]
[BlackElo "2184"]
[PlyCount "133"]
[EventDate "2005.06.10"]

1. e4 d6 2. d4 Nf6 3. Nc3 e5 4. dxe5 dxe5 5. Qxd8+ Kxd8 6. Bg5 Be6 7. O-O-O+
Nbd7 8. f3 c6 9. a3 b5 10. Nge2 a5 11. Ng3 Kc7 12. Nf5 h6 13. Bh4 g6 14. Ne3
Bc5 15. Bf2 b4 16. Nb1 Ba2 17. a4 Be6 18. b3 Bd4 19. Nd2 Nb6 20. Bg1 c5 21.
Nec4 Nxc4 22. Nxc4 Nd7 23. Be2 f6 24. Kb1 g5 25. Bxd4 cxd4 26. Kc1 Nb6 27. Nxb6
Kxb6 28. Kd2 Kc5 29. Bd3 Kd6 30. Rdg1 Rag8 31. Ke2 g4 32. Kf2 Rc8 33. Ke2 h5
34. Kd2 Rcg8 35. Ke2 Rg7 36. Kf2 Rhg8 37. Bb5 Rc8 38. Bd3 Rc3 39. Ke2 Rc8 40.
Kf2 Rcg8 41. Bb5 f5 42. Bd3 f4 43. Kf1 h4 44. Kf2 Kc5 45. Bb5 Kd6 46. Bd3 Rg6
47. Bb5 Rh6 48. Be2 Rc8 49. Bd3 g3+ 50. Ke2 gxh2 51. Rxh2 Rch8 52. Rgh1 h3 53.
gxh3 Rxh3 54. Rxh3 Rxh3 55. Rxh3 Bxh3 56. Kf2 Kc5 57. Kg1 Bd7 58. Kh2 Bxa4 59.
bxa4 b3 60. cxb3 Kb4 61. Bc4 Kc3 62. Kh3 d3 63. Kg4 d2 64. Be2 Kd4 65. Kf5 Ke3
66. Bd1 Kf2 67. Kxe5 1-0

[Event "I Festival A"]
[Site "Lodi ITA"]
[Date "2005.06.10"]
[Round "1"]
[White "Martinez, Rolly"]
[Black "Gilardone, Adriano"]
[Result "1-0"]
[WhiteElo "2414"]
[BlackElo "2105"]
[PlyCount "64"]
[EventDate "2005.06.10"]

1. e4 e5 2. Nf3 d5 3. Nxe5 Bd6 4. d4 dxe4 5. Nc4 Nc6 6. Nc3 Nf6 7. Bg5 Bf5 8.
Qd2 h6 9. Nxd6+ Qxd6 10. Nb5 Qd7 11. Bxf6 gxf6 12. d5 a6 13. dxc6 Qxd2+ 14.
Kxd2 O-O-O+ 15. Ke3 axb5 16. cxb7+ Kxb7 17. Bxb5 Rhg8 18. g3 Rd6 19. Rhd1 Rb6
20. Bc4 Rxb2 21. Bxf7 Rg7 22. Bb3 Re7 23. Kd4 e3 24. Kc3 Rxb3+ 25. axb3 exf2
26. Rd2 Bg4 27. Rxf2 f5 28. Ra5 Rf7 29. Rf4 h5 30. Rb4+ Kc6 31. Rc4+ Kd7 32.
Rxc7+ Kxc7 1-0

[Event "I Festival A"]
[Site "Lodi ITA"]
[Date "2005.06.10"]
[Round "1"]
[White "Mercandelli, Claudio"]
[Black "Naumkin, Igor"]
[Result "0-1"]
[WhiteElo "2105"]
[BlackElo "2412"]
[PlyCount "45"]
[EventDate "2005.06.10"]

1. c4 e5 2. g3 Nf6 3. Bg2 c6 4. d4 exd4 5. Qxd4 d5 6. Nf3 Be7 7. O-O O-O 8. Rd1
Be6 9. cxd5 cxd5 10. Nc3 Nc6 11. Qa4 a6 12. Nd4 Qd7 13. Nxc6 bxc6 14. e4 Bg4
15. Rd3 Rad8 16. exd5 Qf5 17. Qxa6 cxd5 18. Bf4 d4 19. f3 dxc3 20. Rxd8 Rxd8
21. fxg4 cxb2 22. gxf5 bxa1=Q+ 23. Bf1 0-1

[Event "I Festival A"]
[Site "Lodi ITA"]
[Date "2005.06.10"]
[Round "1"]
[White "Mora, Paolo"]
[Black "Faccia, Sergio"]
[Result "1-0"]
[WhiteElo "2137"]
[BlackElo "1992"]
[PlyCount "53"]
[EventDate "2005.06.10"]

1. e4 e5 2. Nf3 f5 3. d3 Nc6 4. Be2 Bc5 5. Nxe5 Bxf2+ 6. Kxf2 Nxe5 7. Rf1 Nf6
8. exf5 O-O 9. Kg1 d5 10. d4 Nf7 11. g4 Nd6 12. Bf4 h5 13. h3 hxg4 14. hxg4
Nfe4 15. Kg2 Qe7 16. Nd2 Bd7 17. Be5 Bxf5 18. gxf5 Qg5+ 19. Bg4 Qxd2+ 20. Qxd2
Nxd2 21. Rf4 N2c4 22. f6 Ne3+ 23. Kh3 gxf6 24. Be6+ Rf7 25. Bxd6 cxd6 26. Rxf6
Raf8 27. Rg6+ 1-0

[Event "I Festival A"]
[Site "Lodi ITA"]
[Date "2005.06.10"]
[Round "1"]
[White "Mrdja, Milan"]
[Black "Perissinotto, Claudio"]
[Result "1/2-1/2"]
[WhiteElo "2373"]
[BlackElo "2098"]
[PlyCount "34"]
[EventDate "2005.06.10"]

1. e4 c5 2. Nf3 d6 3. d4 cxd4 4. Nxd4 Nf6 5. f3 e5 6. Bb5+ Bd7 7. Bxd7+ Qxd7 8.
Nf5 d5 9. Bg5 dxe4 10. Bxf6 Qxd1+ 11. Kxd1 gxf6 12. Re1 Nc6 13. Nc3 Rg8 14.
fxe4 O-O-O+ 15. Nd5 Rxg2 16. Rf1 Nb4 17. c4 17... Nd3 {...} 1/2-1/2

[Event "I Festival A"]
[Site "Lodi ITA"]
[Date "2005.06.10"]
[Round "1"]
[White "Pegoraro, Nicola"]
[Black "Dragojlovic, Andjelko"]
[Result "0-1"]
[WhiteElo "2082"]
[BlackElo "2285"]
[PlyCount "86"]
[EventDate "2005.06.10"]

1. e4 c5 2. Nf3 g6 3. d4 cxd4 4. Nxd4 Nc6 5. Nc3 Bg7 6. Be3 Nf6 7. Nb3 O-O 8.
Be2 a5 9. a4 Nb4 10. O-O d5 11. exd5 Nfxd5 12. Nxd5 Qxd5 13. Qxd5 Nxd5 14. Bd4
Bf5 15. Bxg7 Kxg7 16. Nd4 e5 17. Nxf5+ gxf5 18. Rfd1 Rfd8 19. Bc4 Ne7 20. Kf1
f4 21. c3 f5 22. Ke1 Kf6 23. Rxd8 Rxd8 24. Rd1 Rxd1+ 25. Kxd1 e4 26. Kd2 Ke5
27. Ke2 b6 28. Kd2 Ng6 29. b4 Kd6 30. Bg8 h6 31. Bh7 Ne7 32. f3 Ke5 33. fxe4
fxe4 34. bxa5 bxa5 35. Ke2 Nd5 36. Kd2 Nb6 37. g3 Nxa4 38. gxf4+ Kxf4 39. c4
e3+ 40. Ke2 Nc5 41. Bc2 a4 42. Bb1 a3 43. Ba2 Ke4 0-1

[Event "I Festival A"]
[Site "Lodi ITA"]
[Date "2005.06.10"]
[Round "1"]
[White "Polat, Cihan"]
[Black "Santurbano, Maria Vincenza"]
[Result "1-0"]
[WhiteElo "2179"]
[BlackElo "2043"]
[PlyCount "109"]
[EventDate "2005.06.10"]

1. d4 Nf6 2. Nf3 d6 3. c4 g6 4. Nc3 Bg7 5. e4 O-O 6. Be2 c6 7. O-O Qc7 8. Be3
Ng4 9. Bc1 f5 10. exf5 gxf5 11. h3 Nf6 12. Bf4 Qa5 13. c5 Ne4 14. cxd6 exd6 15.
Qb3+ d5 16. Rad1 Nd7 17. Rfe1 Qd8 18. Bf1 Kh8 19. Ne5 Nxe5 20. dxe5 Nc5 21. Qa3
Ne6 22. Ne2 Rg8 23. Bh2 Bf8 24. Qd3 Nc5 25. Qd4 Ne6 26. Qc3 Qh4 27. Bg3 Qg5 28.
f4 Bc5+ 29. Kh2 Qe7 30. a3 Bb6 31. b4 Rg6 32. Rd3 Bd7 33. Red1 Rag8 34. Qe1 Rh6
35. Ng1 Rg4 36. Ne2 Rg8 37. Bf2 Be8 38. Bxb6 axb6 39. Qf2 b5 40. Nd4 Bh5 41.
R1d2 Nf8 42. Nxf5 Qe6 43. Nxh6 Qxh6 44. f5 Nd7 45. Qe3 Qf8 46. e6 Nf6 47. Qe5
Rg7 48. Rg3 Rxg3 49. Qxg3 Ne4 50. Qe5+ Kg8 51. Rc2 Qe7 52. Bd3 Nf6 53. g4 Be8
54. g5 Nd7 55. Qc7 1-0

[Event "I Festival A"]
[Site "Lodi ITA"]
[Date "2005.06.10"]
[Round "1"]
[White "Pylypchuk, Oleg"]
[Black "Luciani, Valerio"]
[Result "0-1"]
[WhiteElo "2065"]
[BlackElo "2241"]
[PlyCount "47"]
[EventDate "2005.06.10"]

1. e4 d6 2. d4 f6 3. f3 Nd7 4. c4 c5 5. d5 g6 6. Nc3 Bg7 7. Be3 Ne5 8. Qd2 h6
9. O-O-O a6 10. h3 g5 11. h4 gxh4 12. Rxh4 h5 13. g3 Bd7 14. b3 Qa5 15. Nb1
Qxd2+ 16. Nxd2 b5 17. Kc2 b4 18. Bh3 a5 19. Bxd7+ Kxd7 20. Ne2 a4 21. Nc1 axb3+
22. axb3 Ra1 23. f4 Ng6 24. Rhh1 0-1

[Event "I Festival A"]
[Site "Lodi ITA"]
[Date "2005.06.10"]
[Round "1"]
[White "Ranola, Yves"]
[Black "Xia, Jie"]
[Result "1-0"]
[WhiteElo "2467"]
[BlackElo "2110"]
[PlyCount "73"]
[EventDate "2005.06.10"]

1. c4 Nf6 2. g3 g6 3. Bg2 Bg7 4. Nc3 c5 5. d3 Nc6 6. Bg5 h6 7. Bxf6 Bxf6 8. Qd2
Bg7 9. h4 a6 10. Nh3 Rb8 11. h5 g5 12. f4 g4 13. Nf2 d6 14. e4 Nd4 15. Ne2 b5
16. cxb5 Nxe2 17. Kxe2 Rxb5 18. Rab1 Qb6 19. b3 f5 20. Nd1 Bb7 21. Ne3 O-O 22.
exf5 Bxg2 23. Nxg2 Qb7 24. Nh4 Bf6 25. Qe3 Rf7 26. Qe4 d5 27. Qg2 Qd7 28. Kf1
c4 29. Qe2 c3 30. Qxg4+ Rg7 31. Ng6 d4 32. Qf3 Rc5 33. g4 Rc8 34. Rh2 Qc7 35.
Re1 c2 36. Rc1 Qc3 37. Rcxc2 1-0

[Event "I Festival A"]
[Site "Lodi ITA"]
[Date "2005.06.10"]
[Round "1"]
[White "Roberti, Ignazio"]
[Black "Gabetto, Flaviano"]
[Result "0-1"]
[WhiteElo "1954"]
[BlackElo "2136"]
[PlyCount "140"]
[EventDate "2005.06.10"]

1. e4 e6 2. d4 d5 3. e5 c5 4. Nf3 cxd4 5. Nxd4 Nd7 6. f4 Bc5 7. Nc3 Nxe5 8.
Nxe6 Bxe6 9. fxe5 d4 10. Ne4 Qh4+ 11. Ng3 Nh6 12. Qh5 Bb4+ 13. c3 Qxh5 14. Nxh5
dxc3 15. Nxg7+ Kd7 16. Bb5+ Kc7 17. Nxe6+ fxe6 18. O-O Bc5+ 19. Kh1 Ng4 20.
bxc3 Nf2+ 21. Rxf2 Bxf2 22. Ba3 Rad8 23. Bd6+ Rxd6 24. exd6+ Kxd6 25. g3 Rc8
26. Kg2 Bb6 27. Rd1+ Ke5 28. Re1+ Kf6 29. Rf1+ Ke7 30. Rf3 Ba5 31. Rd3 Rc7 32.
c4 a6 33. Ba4 Rxc4 34. Rd7+ Kf6 35. Bb3 Rc7 36. Rxc7 Bxc7 37. Kf3 b5 38. h3 a5
39. Bc2 h6 40. Be4 Ke5 41. Bc6 b4 42. Ke3 Kf6 43. Kf3 Ke5 44. Ke3 Kd6 45. Ba4
Kd5 46. Bb3+ Ke5 47. Ba4 Kf5 48. Kf3 Ke5 49. Ke3 Bb6+ 50. Kf3 Kd4 51. g4 Bd8
52. Bb5 e5 53. Bc6 Bg5 54. Be4 Kc3 55. Bd5 a4 56. Ke4 Bf6 57. Kf5 Bh8 58. h4
Kd4 59. Be4 Kc3 60. g5 hxg5 61. hxg5 b3 62. axb3 a3 63. Kg6 a2 64. Kh7 a1=Q 65.
Kxh8 Kd4 66. Bh7 Qa8+ 67. Bg8 e4 68. Kh7 Ke5 69. g6 Kf6 70. b4 Qf8 0-1

[Event "I Festival A"]
[Site "Lodi ITA"]
[Date "2005.06.10"]
[Round "1"]
[White "Rosin, Federico"]
[Black "Magrini, Fabrizio"]
[Result "0-1"]
[WhiteElo "2127"]
[BlackElo "1856"]
[PlyCount "97"]
[EventDate "2005.06.10"]

1. c4 Nf6 2. Nc3 g6 3. e4 d6 4. d4 Bg7 5. Nf3 O-O 6. Be2 e5 7. O-O Nc6 8. d5
Ne7 9. Ne1 Nd7 10. f3 f5 11. g4 Nf6 12. Be3 c5 13. Nd3 a6 14. a3 Qd7 15. Nf2 f4
16. Bd2 Rb8 17. b4 b6 18. Rb1 Bb7 19. bxc5 bxc5 20. Na4 Nc8 21. Ba5 Qe7 22. Nd3
h5 23. h3 Nh7 24. Kg2 Bf6 25. Be1 Kf7 26. Bf2 Rh8 27. Rh1 Na7 28. Naxc5 Bh4 29.
Nxb7 Bxf2 30. Nxd6+ Qxd6 31. Kxf2 hxg4 32. hxg4 Ng5 33. Rxb8 Qxb8 34. Qb1 Rh2+
35. Rxh2 Qxb1 36. Nxe5+ Kf6 37. Nd3 Qa1 38. Nxf4 Qd4+ 39. Kf1 Qe5 40. Rh8 Qxf4
41. Rf8+ Nf7 42. Ra8 Qc7 43. Kg2 g5 44. Re8 Nc8 45. Re6+ Kg7 46. Rc6 Qb7 47. c5
Qb2 48. Kf2 Ne7 49. Rc7 0-1

[Event "I Festival A"]
[Site "Lodi ITA"]
[Date "2005.06.10"]
[Round "1"]
[White "Ruiz, Richard"]
[Black "Bonagura, Stefano"]
[Result "1-0"]
[WhiteElo "2148"]
[BlackElo "2018"]
[PlyCount "71"]
[EventDate "2005.06.10"]

1. d4 Nf6 2. Bg5 g6 3. Nc3 Bg7 4. Qd2 d6 5. Nf3 Nbd7 6. O-O-O c5 7. Bh6 O-O 8.
Bxg7 Kxg7 9. h4 h5 10. e4 Qa5 11. Kb1 a6 12. Ng5 b5 13. f3 c4 14. g4 b4 15. Nd5
Nxd5 16. exd5 c3 17. Qc1 Nf6 18. gxh5 Nxh5 19. Bd3 Bb7 20. Be4 Bxd5 21. Bxd5
Qxd5 22. Rhg1 a5 23. Ne4 Rac8 24. Rg5 cxb2 25. Kxb2 f5 26. Kb1 a4 27. Rxg6+ Kf7
28. Qg5 Rh8 29. Re1 Rc7 30. Ng3 b3 31. axb3 axb3 32. c3 Ra7 33. Rge6 Ra1+ 34.
Kb2 Rxe1 35. Qxe7+ Kg8 36. Rg6+ 1-0

[Event "I Festival A"]
[Site "Lodi ITA"]
[Date "2005.06.10"]
[Round "1"]
[White "Salvador, Roland"]
[Black "Frugoli, Francesco"]
[Result "1-0"]
[WhiteElo "2360"]
[BlackElo "2092"]
[PlyCount "43"]
[EventDate "2005.06.10"]

1. d4 d5 2. Nf3 Nf6 3. c4 dxc4 4. Nc3 c6 5. e4 b5 6. e5 Nd5 7. a4 a6 8. axb5
Nxc3 9. bxc3 cxb5 10. Ng5 e6 11. Nxf7 Kxf7 12. Qf3+ Kg8 13. Qxa8 Qc7 14. Qf3
Bb7 15. Qh3 Bd5 16. Be2 g6 17. O-O Qc6 18. Bg4 Nd7 19. Ra5 h6 20. Bf4 Bg7 21.
Rfa1 Nb8 22. Qg3 1-0

[Event "I Festival A"]
[Site "Lodi ITA"]
[Date "2005.06.10"]
[Round "1"]
[White "Sulava, Nenad"]
[Black "Romagnoli, Franco"]
[Result "1-0"]
[WhiteElo "2478"]
[BlackElo "2115"]
[PlyCount "24"]
[EventDate "2005.06.10"]

1. d4 g6 2. e4 Bg7 3. Nc3 c6 4. Bc4 d6 5. Qf3 e6 6. Nge2 Ne7 7. Bg5 Nd7 8. h4
h5 9. Qg3 e5 10. O-O-O Qa5 11. Bb3 Nf8 12. dxe5 dxe5 1-0

[Event "I Festival A"]
[Site "Lodi ITA"]
[Date "2005.06.10"]
[Round "1"]
[White "Vincenzi, Marco"]
[Black "Salami, Marco"]
[Result "0-1"]
[WhiteElo "2053"]
[BlackElo "2206"]
[PlyCount "58"]
[EventDate "2005.06.10"]

1. e4 e6 2. d4 d5 3. Nd2 Nf6 4. e5 Nfd7 5. f4 c5 6. c3 Nc6 7. Ndf3 Qb6 8. Ne2
cxd4 9. cxd4 Bb4+ 10. Kf2 f6 11. Be3 O-O 12. g3 fxe5 13. fxe5 Ndxe5 14. dxe5
Rxf3+ 15. Kxf3 Nxe5+ 16. Kg2 Qxe3 17. Ng1 Qe4+ 18. Nf3 Bd7 19. Qe2 Nxf3 20.
Qxf3 Qxf3+ 21. Kxf3 Rf8+ 22. Kg2 Bc5 23. Rc1 Rf2+ 24. Kh3 Bd6 25. Bd3 e5+ 26.
Kh4 Be7+ 27. Kh5 g6+ 28. Kh6 Bf8+ 29. Kg5 Kg7 0-1

[Event "I Festival A"]
[Site "Lodi ITA"]
[Date "2005.06.10"]
[Round "1"]
[White "Vivo, Mario"]
[Black "Lucchese, Paolo"]
[Result "0-1"]
[WhiteElo "2144"]
[BlackElo "2014"]
[PlyCount "94"]
[EventDate "2005.06.10"]

1. e4 e5 2. Nf3 Nc6 3. Bb5 a6 4. Ba4 Nf6 5. O-O Be7 6. Re1 b5 7. Bb3 O-O 8. a4
Bb7 9. d3 d6 10. c3 h6 11. Nbd2 Re8 12. Nf1 Bf8 13. Ng3 Na5 14. Ba2 c5 15. b4
cxb4 16. cxb4 Nc6 17. Bd2 Qd7 18. axb5 axb5 19. Qb3 Ra4 20. Bc3 Rea8 21. Nf5
Nd8 22. Qb2 Bc6 23. Bb3 R4a6 24. Rac1 Qa7 25. Rc2 Bd7 26. Ne3 Be6 27. Nd2 Bxb3
28. Nxb3 Qd7 29. Na5 Ne6 30. Qb3 Nh5 31. Rec1 Be7 32. Qb2 Bg5 33. Rd1 Rc8 34.
Nd5 Nef4 35. Nxf4 Nxf4 36. h3 Nxh3+ 37. gxh3 Qxh3 38. f3 Be3+ 39. Rf2 Qg3+ 40.
Kf1 Qxf2+ 41. Qxf2 Bxf2 42. Kxf2 Rxc3 43. d4 g6 44. dxe5 dxe5 45. Rd5 Rb6 46.
Rd7 Rc2+ 47. Kg3 Rb2 0-1

[Event "I Festival A"]
[Site "Lodi ITA"]
[Date "2005.06.10"]
[Round "1"]
[White "Vocaturo, Daniele"]
[Black "Brugo, Marco"]
[Result "1-0"]
[WhiteElo "2303"]
[BlackElo "2084"]
[PlyCount "30"]
[EventDate "2005.06.10"]

1. e4 e6 2. d4 d5 3. Nc3 Nf6 4. e5 Nfd7 5. Nce2 c5 6. c3 Nc6 7. f4 cxd4 8. cxd4
Bb4+ 9. Bd2 g5 10. Bxb4 Nxb4 11. Qd2 Qa5 12. Nc3 gxf4 13. Nh3 f6 14. Nxf4 fxe5
15. dxe5 Nf6 1-0

[Event "I Festival A"]
[Site "Lodi ITA"]
[Date "2005.06.10"]
[Round "1"]
[White "Wauters, Alain"]
[Black "Vecchia, Mario"]
[Result "0-1"]
[WhiteElo "2227"]
[BlackElo "2058"]
[PlyCount "51"]
[EventDate "2005.06.10"]

1. c4 Nf6 2. Nc3 d6 3. e4 e5 4. Nf3 g6 5. d4 exd4 6. Nxd4 Bg7 7. Be2 O-O 8. O-O
Bd7 9. Be3 Nc6 10. f3 Re8 11. Qd2 a6 12. Rfd1 Qc8 13. Rac1 Nh5 14. Nd5 f5 15.
exf5 gxf5 16. Bf1 f4 17. Bf2 Ne7 18. Qa5 c5 19. Nb3 Nxd5 20. Rxd5 Be5 21. Rcd1
Bc6 22. Rxd6 Bxd6 23. Rxd6 Qf5 24. Nxc5 Qg5 25. h4 Qe5 26. Qd2 0-1

[Event "I Festival A"]
[Site "Lodi ITA"]
[Date "2005.06.10"]
[Round "1"]
[White "Xausa, Flavio"]
[Black "Zezulkin, Jurij"]
[Result "0-1"]
[WhiteElo "2123"]
[BlackElo "2512"]
[PlyCount "39"]
[EventDate "2005.06.10"]

1. e4 c5 2. Nf3 Nc6 3. Bb5 d6 4. d4 cxd4 5. Nxd4 Bd7 6. Nc3 g6 7. O-O Bg7 8.
Be3 Nf6 9. f3 O-O 10. Qd2 Rc8 11. Rfd1 Nxd4 12. Bxd4 Rxc3 13. Bxf6 Bxf6 14.
Bxd7 Qb6+ 15. Kh1 Qxb2 16. Ba4 Qb4 17. Bb3 Rxb3 18. Kg1 Bg7 19. Qd4 Qa5 20. a4
0-1

[Event "I Festival A"]
[Site "Lodi ITA"]
[Date "2005.06.11"]
[Round "2"]
[White "Andersen, Alf R."]
[Black "Sulava, Nenad"]
[Result "0-1"]
[WhiteElo "2182"]
[BlackElo "2478"]
[PlyCount "90"]
[EventDate "2005.06.10"]

1. e4 c5 2. Nf3 e6 3. d3 Nc6 4. g3 Nf6 5. Bg2 d6 6. O-O Be7 7. Nbd2 O-O 8. Re1
Qc7 9. a4 Nd7 10. Nc4 b6 11. c3 Ba6 12. Ne3 Nde5 13. Nxe5 dxe5 14. Nc4 Rad8 15.
Qc2 Kh8 16. Be3 Bb7 17. Rad1 f5 18. f3 Bf6 19. Qb3 Ba6 20. a5 b5 21. Na3 fxe4
22. fxe4 Nxa5 23. Qxe6 Rd6 24. Qa2 Rfd8 25. b4 cxb4 26. cxb4 Nc6 27. Nc2 Bc8
28. Bf1 Be6 29. Qa1 Qf7 30. Bc5 R6d7 31. Be2 Bb3 32. Qb2 Be7 33. Rb1 Bxc5+ 34.
bxc5 Bxc2 35. Qxc2 Nd4 36. Qd1 Qe7 37. Rc1 Rc7 38. Rf1 Rxc5 39. Rxc5 Qxc5 40.
Kg2 b4 41. Bh5 g6 42. Bxg6 Qc2+ 43. Qxc2 Nxc2 44. Rf2 Ne1+ 45. Kf1 Nxd3 0-1

[Event "I Festival A"]
[Site "Lodi ITA"]
[Date "2005.06.11"]
[Round "2"]
[White "Birens, Eric-Andre'"]
[Black "Pylypchuk, Oleg"]
[Result "1-0"]
[WhiteElo "2122"]
[BlackElo "2065"]
[PlyCount "31"]
[EventDate "2005.06.10"]

1. d4 c5 2. d5 Nf6 3. c4 b5 4. Nc3 bxc4 5. e4 d6 6. Bxc4 g6 7. f4 Nbd7 8. Nf3
Nb6 9. Bb5+ Bd7 10. a4 a6 11. Be2 Bc8 12. a5 Nbd7 13. e5 dxe5 14. fxe5 Ng4 15.
e6 Nde5 16. Qa4+ 1-0

[Event "I Festival A"]
[Site "Lodi ITA"]
[Date "2005.06.11"]
[Round "2"]
[White "Brugo, Marco"]
[Black "Wauters, Alain"]
[Result "1-0"]
[WhiteElo "2084"]
[BlackElo "2227"]
[PlyCount "73"]
[EventDate "2005.06.10"]

1. d4 d5 2. c4 c6 3. Nc3 Nf6 4. Nf3 dxc4 5. a4 Bf5 6. e3 e6 7. Bxc4 Bb4 8. O-O
O-O 9. Bd2 Nbd7 10. Ne2 Bxd2 11. Nxd2 a5 12. f3 Nd5 13. Bxd5 exd5 14. e4 dxe4
15. fxe4 Bg4 16. Nf3 Nf6 17. h3 Bh5 18. Nf4 Bg6 19. Nxg6 hxg6 20. Qd3 Re8 21.
e5 Nd5 22. h4 Nf4 23. Qe3 Ne6 24. Qf2 Qd5 25. Rad1 Rad8 26. Ng5 Nxg5 27. hxg5
Rd7 28. Rd3 Qc4 29. Rf3 Ree7 30. Rf4 Qd5 31. Qh4 Qb3 32. R1f3 Qxa4 33. Rg4 Qd1+
34. Kh2 c5 35. Rh3 f5 36. gxf6 gxf6 37. Rxg6+ 1-0

[Event "I Festival A"]
[Site "Lodi ITA"]
[Date "2005.06.11"]
[Round "2"]
[White "Canova, Luca"]
[Black "Xausa, Flavio"]
[Result "1-0"]
[WhiteElo "2050"]
[BlackElo "2123"]
[PlyCount "87"]
[EventDate "2005.06.10"]

1. e4 c5 2. Nf3 d6 3. d4 cxd4 4. Nxd4 Nf6 5. Nc3 e6 6. Be3 a6 7. a4 Qc7 8. Be2
Nc6 9. f4 Be7 10. O-O O-O 11. Bf3 Nxd4 12. Bxd4 e5 13. fxe5 dxe5 14. Be3 Bc5
15. Qc1 Be6 16. Rd1 Rfd8 17. h3 h6 18. Kh1 Rxd1+ 19. Nxd1 Bxe3 20. Nxe3 Rc8 21.
c3 Rd8 22. Qe1 Qb6 23. b4 Rd3 24. Nd1 Qc7 25. Rc1 Rd8 26. Nb2 b5 27. Qe3 Qc6
28. a5 Bc4 29. Kh2 Ne8 30. Rc2 Nc7 31. Rf2 Ne6 32. g3 Qd6 33. h4 Qc7 34. Bh5 f6
35. Bg4 Nf8 36. Rd2 Rd6 37. Nxc4 bxc4 38. Rxd6 Qxd6 39. Be2 Qc6 40. Qc5 Qa8 41.
Bxc4+ Kh7 42. Qd5 Qe8 43. Qg8+ Kg6 44. h5+ 1-0

[Event "I Festival A"]
[Site "Lodi ITA"]
[Date "2005.06.11"]
[Round "2"]
[White "Cardini, Saverio"]
[Black "Martin, Joel"]
[Result "1/2-1/2"]
[WhiteElo "2010"]
[BlackElo "2047"]
[PlyCount "37"]
[EventDate "2005.06.10"]

1. d4 Nf6 2. Nf3 g6 3. Bf4 Bg7 4. e3 d5 5. Bd3 O-O 6. c3 b6 7. Qe2 Bb7 8. O-O
Nbd7 9. Ne5 Nh5 10. h3 Nxf4 11. exf4 c5 12. Re1 e6 13. Nd2 Nxe5 14. fxe5 Qe7
15. Nf3 Rac8 16. Rac1 Rc7 17. a4 Rfc8 18. Ra1 Qd7 19. Qf1 1/2-1/2